[Event "World Youth & Cadets Rapid Championships"]
[Site "Rhodes, Greece"]
[Date "2022.05.02"]
[Round "6.6"]
[White "Trushko, Andrii"]
[Black "Garner, Isaac"]
[Result "1-0"]
[TimeControl "10'/game & 5\"/move"]
[WhiteElo "2065"]
[BlackElo "2076"]

1. d4 {[%clk 00:10:08]} {[%emt 00:00:01]} d5 {[%clk 00:10:07]} {[%emt
00:00:04]} 2. Bf4 {[%clk 00:10:11]} {[%emt 00:00:02]} c5 {[%clk 00:10:10]}
{[%emt 00:00:02]} 3. e3 {[%clk 00:10:15]} {[%emt 00:00:01]} Nc6 {[%clk
00:10:14]} {[%emt 00:00:02]} 4. c3 {[%clk 00:10:18]} {[%emt 00:00:01]} Qb6
{[%clk 00:10:17]} {[%emt 00:00:01]} 5. Qb3 {[%clk 00:10:22]} {[%emt 00:00:02]}
c4 {[%clk 00:10:21]} 6. Qc2 {[%clk 00:10:26]} {[%emt 00:00:01]} e5 {[%clk
00:10:25]} {[%emt 00:00:01]} 7. Bxe5 {[%clk 00:10:25]} {[%emt 00:00:07]} Bf5
{[%clk 00:10:28]} {[%emt 00:00:02]} 8. Qc1 {[%clk 00:10:16]} {[%emt 00:00:14]}
Nxe5 {[%clk 00:10:29]} {[%emt 00:00:04]} 9. dxe5 {[%clk 00:10:19]} {[%emt
00:00:01]} f6 {[%clk 00:10:27]} {[%emt 00:00:07]} 10. e6 {[%clk 00:10:23]} Bxe6
{[%emt 00:00:17]} 11. Ne2 {[%clk 00:10:04]} {[%emt 00:00:20]} Bc5 {[%clk
00:10:16]} {[%emt 00:00:08]} 12. Nd4 {[%clk 00:09:33]} {[%emt 00:00:36]} f5
{[%clk 00:09:39]} {[%emt 00:00:42]} 13. Be2 {[%clk 00:09:04]} {[%emt 00:00:34]}
Nf6 {[%clk 00:09:34]} {[%emt 00:00:10]} 14. O-O {[%clk 00:09:07]} {[%emt
00:00:03]} O-O {[%clk 00:09:22]} {[%emt 00:00:16]} 15. Nd2 {[%clk 00:08:57]}
{[%emt 00:00:15]} f4 {[%clk 00:09:04]} {[%emt 00:00:24]} 16. b4 {[%clk
00:08:34]} {[%emt 00:00:28]} Bxd4 {[%clk 00:07:53]} {[%emt 00:01:16]} 17. exd4
{[%clk 00:08:37]} {[%emt 00:00:02]} Rae8 {[%clk 00:06:48]} {[%emt 00:01:09]} 18.
Re1 {[%clk 00:08:27]} {[%emt 00:00:14]} Qd6 {[%clk 00:05:44]} {[%emt 00:01:10]}
19. Qa3 {[%clk 00:06:17]} {[%emt 00:02:15]} Bg4 {[%clk 00:05:12]} {[%emt
00:00:38]} 20. Bxg4 {[%clk 00:06:10]} {[%emt 00:00:12]} Nxg4 {[%clk 00:05:15]}
{[%emt 00:00:01]} 21. Nf3 {[%clk 00:06:06]} {[%emt 00:00:10]} a6 {[%clk
00:04:58]} {[%emt 00:00:22]} 22. Qa5 {[%clk 00:06:08]} {[%emt 00:00:02]} Re4
{[%clk 00:04:50]} {[%emt 00:00:14]} 23. Qc5 {[%clk 00:06:01]} {[%emt 00:00:12]}
Qe6 {[%clk 00:04:15]} {[%emt 00:00:40]} 24. Rxe4 {[%clk 00:05:32]} {[%emt
00:00:34]} dxe4 {[%clk 00:03:21]} {[%emt 00:00:58]} 25. Ng5 {[%clk 00:04:41]}
{[%emt 00:00:56]} Qh6 {[%clk 00:03:25]} {[%emt 00:00:01]} 26. Qd5+ {[%clk
00:04:36]} {[%emt 00:00:10]} Kh8 {[%clk 00:03:29]} {[%emt 00:00:01]} 27. Nf7+
{[%clk 00:04:22]} {[%emt 00:00:19]} Rxf7 {[%clk 00:03:33]} {[%emt 00:00:01]} 28.
Qd8+ {[%clk 00:04:26]} {[%emt 00:00:01]} 1-0

[Event "World Youth & Cadets Rapid Championships"]
[Site "Rhodes, Greece"]
[Date "2022.05.02"]
[Round "6.7"]
[White "Nareks, Matic"]
[Black "Tarhan, Adar"]
[Result "0-1"]
[TimeControl "10'/game & 5\"/move"]
[WhiteElo "1972"]
[BlackElo "1580"]

1. e4 {[%clk 00:10:07]} {[%emt 00:00:01]} c6 {[%clk 00:10:06]} {[%emt
00:00:05]} 2. d4 {[%clk 00:10:10]} {[%emt 00:00:02]} d5 {[%clk 00:10:10]}
{[%emt 00:00:01]} 3. e5 {[%clk 00:10:13]} {[%emt 00:00:02]} Bf5 {[%clk
00:10:05]} {[%emt 00:00:10]} 4. g4 {[%clk 00:10:16]} {[%emt 00:00:02]} Bg6
{[%clk 00:09:59]} {[%emt 00:00:11]} 5. e6 {[%clk 00:10:19]} {[%emt 00:00:02]}
fxe6 {[%clk 00:09:59]} {[%emt 00:00:05]} 6. h4 {[%clk 00:10:22]} {[%emt
00:00:02]} e5 {[%clk 00:09:27]} {[%emt 00:00:37]} 7. dxe5 {[%clk 00:10:02]}
{[%emt 00:00:25]} e6 {[%clk 00:09:30]} {[%emt 00:00:02]} 8. h5 {[%clk
00:09:55]} {[%emt 00:00:12]} Bf7 {[%clk 00:09:32]} {[%emt 00:00:04]} 9. Be3
{[%clk 00:09:37]} {[%emt 00:00:22]} Nd7 {[%clk 00:09:30]} {[%emt 00:00:07]} 10.
f4 {[%clk 00:09:35]} {[%emt 00:00:06]} Bc5 {[%clk 00:09:21]} {[%emt 00:00:15]}
11. Qd2 {[%clk 00:09:18]} {[%emt 00:00:23]} Qb6 {[%clk 00:09:20]} {[%emt
00:00:05]} 12. Bxc5 {[%clk 00:09:16]} {[%emt 00:00:07]} Nxc5 {[%clk 00:09:22]}
{[%emt 00:00:03]} 13. c3 {[%clk 00:08:44]} {[%emt 00:00:37]} Ne4 {[%clk
00:09:21]} {[%emt 00:00:06]} 14. Qg2 {[%clk 00:08:18]} {[%emt 00:00:32]} Qe3+
{[%clk 00:09:21]} {[%emt 00:00:04]} 15. Ne2 {[%clk 00:08:21]} {[%emt 00:00:01]}
Nc5 {[%clk 00:09:10]} {[%emt 00:00:17]} 16. Rh3 {[%clk 00:07:55]} {[%emt
00:00:31]} Nd3+ {[%clk 00:09:13]} {[%emt 00:00:03]} 17. Kd1 {[%clk 00:07:55]}
{[%emt 00:00:04]} Nf2+ {[%clk 00:09:16]} {[%emt 00:00:02]} 18. Kc2 {[%clk
00:07:58]} {[%emt 00:00:02]} Nxh3 {[%clk 00:09:14]} {[%emt 00:00:08]} 19. Qxh3
{[%clk 00:08:01]} {[%emt 00:00:01]} Qb6 {[%clk 00:08:35]} {[%emt 00:00:44]} 20.
f5 {[%clk 00:07:50]} {[%emt 00:00:16]} Nh6 {[%clk 00:08:21]} {[%emt 00:00:19]}
21. Nd2 {[%clk 00:07:42]} {[%emt 00:00:13]} Rf8 {[%clk 00:07:34]} {[%emt
00:00:51]} 22. Nd4 {[%clk 00:07:37]} {[%emt 00:00:11]} c5 {[%clk 00:07:34]}
{[%emt 00:00:05]} 23. Nb5 {[%clk 00:07:37]} {[%emt 00:00:06]} O-O-O {[%clk
00:07:31]} {[%emt 00:00:08]} 24. a4 {[%clk 00:06:40]} {[%emt 00:01:02]} Kb8
{[%clk 00:07:34]} {[%emt 00:00:02]} 25. a5 {[%clk 00:06:36]} {[%emt 00:00:09]}
Qc6 {[%clk 00:07:38]} 26. a6 {[%clk 00:06:40]} {[%emt 00:00:02]} b6 {[%clk
00:07:33]} {[%emt 00:00:10]} 27. Nd6 {[%clk 00:06:32]} {[%emt 00:00:12]} Rxd6
{[%clk 00:07:36]} {[%emt 00:00:02]} 28. exd6 {[%clk 00:06:35]} {[%emt
00:00:02]} Qxd6 {[%clk 00:07:33]} {[%emt 00:00:08]} 29. Bd3 {[%clk 00:06:22]}
{[%emt 00:00:18]} c4 {[%clk 00:07:33]} {[%emt 00:00:05]} 30. Be2 {[%clk
00:06:22]} {[%emt 00:00:05]} exf5 {[%clk 00:07:37]} {[%emt 00:00:01]} 31. g5
{[%clk 00:06:17]} {[%emt 00:00:11]} Ng4 {[%clk 00:07:34]} {[%emt 00:00:07]} 32.
Bxg4 {[%clk 00:06:20]} {[%emt 00:00:02]} fxg4 {[%clk 00:07:38]} {[%emt
00:00:02]} 33. Qxg4 {[%clk 00:06:23]} Be6 {[%clk 00:07:40]} {[%emt 00:00:03]}
34. Qd4 {[%clk 00:06:19]} {[%emt 00:00:09]} Bf5+ {[%clk 00:07:40]} {[%emt
00:00:05]} 35. Kc1 {[%clk 00:06:17]} {[%emt 00:00:07]} Qg3 {[%clk 00:07:29]}
{[%emt 00:00:15]} 36. b4 {[%clk 00:06:15]} {[%emt 00:00:08]} cxb3 {[%clk
00:07:08]} {[%emt 00:00:26]} 37. Kb2 {[%clk 00:06:14]} {[%emt 00:00:06]} Rc8
{[%clk 00:06:28]} {[%emt 00:00:44]} 38. Qxg7 {[%clk 00:05:53]} {[%emt
00:00:26]} Rc7 {[%clk 00:06:26]} {[%emt 00:00:08]} 39. Qg8+ {[%clk 00:05:19]}
{[%emt 00:00:39]} Bc8 {[%clk 00:06:20]} {[%emt 00:00:11]} 40. Rc1 {[%clk
00:05:06]} {[%emt 00:00:18]} Qg2 {[%clk 00:06:20]} {[%emt 00:00:05]} 41. Rd1
{[%clk 00:04:51]} {[%emt 00:00:20]} Qe2 {[%clk 00:06:22]} {[%emt 00:00:02]} 42.
g6 {[%clk 00:03:37]} {[%emt 00:01:20]} Qxd1 {[%clk 00:06:12]} {[%emt 00:00:15]}
43. Nxb3 {[%clk 00:03:38]} {[%emt 00:00:04]} Qxh5 {[%clk 00:06:04]} {[%emt
00:00:13]} 44. gxh7 {[%clk 00:03:41]} {[%emt 00:00:02]} Qxh7 {[%clk 00:06:07]}
{[%emt 00:00:02]} 45. Qxd5 {[%clk 00:03:43]} {[%emt 00:00:03]} Bxa6 {[%clk
00:06:06]} {[%emt 00:00:07]} 46. Nd4 {[%clk 00:03:44]} {[%emt 00:00:04]} Qh2+
{[%clk 00:06:04]} {[%emt 00:00:06]} 47. Nc2 {[%clk 00:03:40]} {[%emt 00:00:08]}
Rc5 {[%clk 00:05:46]} {[%emt 00:00:24]} 48. Qd8+ {[%clk 00:03:42]} {[%emt
00:00:03]} Bc8 {[%clk 00:05:49]} {[%emt 00:00:02]} 49. Qd3 {[%clk 00:03:42]}
{[%emt 00:00:05]} Bf5 {[%clk 00:05:48]} {[%emt 00:00:06]} 50. Qd8+ {[%clk
00:03:42]} {[%emt 00:00:05]} Rc8 {[%clk 00:05:50]} {[%emt 00:00:03]} 51. Qd1
{[%clk 00:03:42]} {[%emt 00:00:05]} Qxc2+ {[%clk 00:05:53]} {[%emt 00:00:03]}
52. Qxc2 {[%clk 00:03:46]} Bxc2 {[%clk 00:05:56]} {[%emt 00:00:01]} 53. Kxc2
{[%clk 00:03:49]} {[%emt 00:00:01]} b5 {[%clk 00:05:59]} {[%emt 00:00:03]} 54.
Kb3 {[%clk 00:03:53]} {[%emt 00:00:02]} a5 {[%clk 00:06:03]} {[%emt 00:00:01]}
0-1

[Event "World Youth & Cadets Rapid Championships"]
[Site "Rhodes, Greece"]
[Date "2022.05.02"]
[Round "6.8"]
[White "Franc, Borna"]
[Black "Hercegovac, Neven"]
[Result "1/2-1/2"]
[TimeControl "10'/game & 5\"/move"]
[WhiteElo "1874"]
[BlackElo "1945"]

1. e4 {[%clk 00:10:08]} {[%emt 00:00:01]} c5 {[%clk 00:10:10]} 2. d4 {[%clk
00:10:13]} cxd4 {[%clk 00:10:14]} {[%emt 00:00:03]} 3. c3 {[%clk 00:10:17]}
dxc3 4. Nxc3 {[%clk 00:10:21]} Nc6 {[%clk 00:10:22]} 5. Bc4 {[%clk 00:10:25]}
{[%emt 00:00:01]} e6 {[%clk 00:10:25]} {[%emt 00:00:01]} 6. Nf3 {[%clk
00:10:29]} {[%emt 00:00:01]} Qc7 {[%clk 00:10:29]} 7. O-O {[%clk 00:10:29]}
{[%emt 00:00:06]} Nf6 {[%clk 00:10:34]} 8. Qe2 {[%clk 00:10:27]} {[%emt
00:00:08]} Ng4 {[%clk 00:10:37]} {[%emt 00:00:01]} 9. Be3 {[%clk 00:10:01]}
{[%emt 00:00:30]} a6 {[%clk 00:10:20]} {[%emt 00:00:23]} 10. h3 {[%clk
00:09:55]} {[%emt 00:00:11]} Nxe3 {[%clk 00:10:04]} {[%emt 00:00:21]} 11. Qxe3
{[%clk 00:09:52]} {[%emt 00:00:08]} Be7 {[%clk 00:09:29]} {[%emt 00:00:41]} 12.
Rac1 {[%clk 00:09:48]} {[%emt 00:00:08]} O-O {[%clk 00:09:16]} {[%emt
00:00:18]} 13. Bb3 {[%clk 00:09:51]} {[%emt 00:00:02]} Qa5 {[%clk 00:08:49]}
{[%emt 00:00:31]} 14. Rfd1 {[%clk 00:09:22]} {[%emt 00:00:34]} d6 {[%clk
00:08:32]} {[%emt 00:00:22]} 15. Ne2 {[%clk 00:07:15]} {[%emt 00:02:11]} Rd8
{[%clk 00:07:16]} {[%emt 00:01:23]} 16. Ned4 {[%clk 00:07:14]} {[%emt
00:00:06]} Bd7 {[%clk 00:06:37]} {[%emt 00:00:44]} 17. Nxc6 {[%clk 00:07:11]}
{[%emt 00:00:08]} Bxc6 {[%clk 00:06:30]} {[%emt 00:00:11]} 18. Nd4 {[%clk
00:07:11]} {[%emt 00:00:06]} Bd7 {[%clk 00:05:36]} {[%emt 00:00:59]} 19. f4
{[%clk 00:06:35]} {[%emt 00:00:40]} Rac8 {[%clk 00:04:47]} {[%emt 00:00:54]} 20.
f5 {[%clk 00:05:21]} {[%emt 00:01:19]} e5 {[%clk 00:04:37]} {[%emt 00:00:15]}
21. Nf3 {[%clk 00:05:15]} {[%emt 00:00:11]} Qb4 {[%clk 00:04:01]} {[%emt
00:00:41]} 22. a3 {[%clk 00:04:15]} {[%emt 00:01:06]} Qb5 {[%clk 00:03:45]}
{[%emt 00:00:20]} 23. Bd5 {[%clk 00:04:06]} {[%emt 00:00:15]} Rxc1 {[%clk
00:02:42]} {[%emt 00:01:08]} 24. Rxc1 {[%clk 00:04:09]} {[%emt 00:00:03]} Bc6
{[%clk 00:02:26]} {[%emt 00:00:20]} 25. Bc4 {[%clk 00:03:18]} {[%emt 00:00:56]}
Qxb2 {[%clk 00:02:26]} {[%emt 00:00:05]} 26. Ng5 {[%clk 00:03:21]} {[%emt
00:00:02]} Rf8 {[%clk 00:01:46]} {[%emt 00:00:45]} 27. Rd1 {[%clk 00:02:42]}
{[%emt 00:00:43]} Qc2 {[%clk 00:01:22]} {[%emt 00:00:30]} 28. Rc1 {[%clk
00:02:40]} {[%emt 00:00:07]} Qb2 {[%clk 00:01:26]} 29. Rd1 {[%clk 00:02:44]}
{[%emt 00:00:01]} Qc2 {[%clk 00:01:02]} {[%emt 00:00:29]} 30. Rc1 {[%clk
00:02:47]} {[%emt 00:00:02]} Bxg5 {[%clk 00:01:06]} 31. Qxg5 {[%clk 00:02:46]}
{[%emt 00:00:07]} Qxe4 {[%clk 00:01:10]} {[%emt 00:00:01]} 32. f6 {[%clk
00:02:44]} {[%emt 00:00:06]} Qg6 {[%clk 00:01:03]} {[%emt 00:00:12]} 33. Qd2
{[%clk 00:02:48]} Qxf6 {[%clk 00:01:03]} {[%emt 00:00:06]} 34. Rf1 {[%clk
00:02:52]} Qg6 {[%clk 00:01:02]} {[%emt 00:00:05]} 35. Qa2 {[%clk 00:02:47]}
{[%emt 00:00:10]} d5 {[%clk 00:00:41]} {[%emt 00:00:26]} 36. Bxd5 {[%clk
00:02:51]} {[%emt 00:00:02]} Bxd5 {[%clk 00:00:45]} 37. Qxd5 {[%clk 00:02:54]}
{[%emt 00:00:01]} Qb6+ {[%clk 00:00:47]} {[%emt 00:00:04]} 38. Kh1 {[%clk
00:02:54]} {[%emt 00:00:05]} Qb5 {[%clk 00:00:45]} {[%emt 00:00:07]} 39. Qf3
{[%clk 00:02:50]} {[%emt 00:00:09]} e4 {[%emt 00:00:03]} 40. Qf4 e3 {[%clk
00:00:49]} {[%emt 00:00:03]} 41. Re1 {[%clk 00:02:51]} {[%emt 00:00:09]} e2
{[%clk 00:00:54]} 42. Qg4 {[%clk 00:02:48]} {[%emt 00:00:08]} Re8 {[%clk
00:00:57]} {[%emt 00:00:02]} 43. Kh2 {[%clk 00:02:52]} {[%emt 00:00:01]} Qd3
{[%clk 00:00:51]} {[%emt 00:00:11]} 44. Qa4 {[%clk 00:02:50]} {[%emt 00:00:07]}
b5 {[%clk 00:00:46]} {[%emt 00:00:09]} 45. Qa5 {[%clk 00:02:50]} {[%emt
00:00:06]} g6 {[%clk 00:00:43]} {[%emt 00:00:08]} 46. Qxa6 {[%clk 00:02:53]}
{[%emt 00:00:02]} Qd2 {[%clk 00:00:41]} {[%emt 00:00:07]} 47. Qxb5 {[%clk
00:02:56]} {[%emt 00:00:02]} Qf4+ {[%clk 00:00:26]} {[%emt 00:00:19]} 48. Kh1
{[%clk 00:02:55]} {[%emt 00:00:06]} Qe5 {[%clk 00:00:26]} {[%emt 00:00:05]} 49.
Qxe5 {[%clk 00:02:43]} {[%emt 00:00:18]} Rxe5 {[%clk 00:00:30]} 50. Kg1 {[%clk
00:02:47]} 1/2-1/2

[Event "World Youth & Cadets Rapid Championships"]
[Site "Rhodes, Greece"]
[Date "2022.05.02"]
[Round "6.9"]
[White "Hagner, Bennet"]
[Black "Seemann, Jakub"]
[Result "1-0"]
[TimeControl "10'/game & 5\"/move"]
[WhiteElo "2186"]
[BlackElo "1984"]

1. e4 {[%clk 00:10:08]} {[%emt 00:00:01]} e6 {[%clk 00:10:08]} {[%emt
00:00:02]} 2. d4 {[%clk 00:10:12]} {[%emt 00:00:02]} d5 {[%clk 00:10:12]}
{[%emt 00:00:01]} 3. Nc3 {[%clk 00:10:16]} {[%emt 00:00:01]} dxe4 {[%clk
00:10:15]} {[%emt 00:00:02]} 4. Nxe4 {[%clk 00:10:19]} {[%emt 00:00:01]} Nd7
{[%clk 00:10:18]} {[%emt 00:00:01]} 5. Nf3 {[%clk 00:10:22]} {[%emt 00:00:02]}
Ngf6 {[%clk 00:10:22]} {[%emt 00:00:02]} 6. Nxf6+ {[%clk 00:10:25]} {[%emt
00:00:02]} Nxf6 {[%emt 00:00:03]} 7. Bd3 {[%clk 00:10:28]} c5 {[%emt 00:00:07]}
8. Be3 {[%emt 00:00:16]} Qc7 {[%clk 00:10:20]} 9. Qe2 {[%clk 00:10:22]} {[%emt
00:00:07]} Be7 {[%emt 00:00:16]} 10. O-O-O {[%clk 00:10:24]} {[%emt 00:00:02]}
O-O {[%clk 00:10:10]} {[%emt 00:00:06]} 11. dxc5 {[%clk 00:10:17]} {[%emt
00:00:06]} Bxc5 {[%clk 00:09:15]} 12. Bxc5 {[%clk 00:10:17]} {[%emt 00:01:11]}
Qxc5 {[%clk 00:09:17]} 13. Ne5 {[%clk 00:10:20]} {[%emt 00:00:05]} b6 {[%clk
00:07:42]} 14. g4 {[%clk 00:10:22]} {[%emt 00:01:43]} Bb7 {[%clk 00:07:45]} 15.
g5 {[%clk 00:10:22]} {[%emt 00:00:07]} Nd5 {[%clk 00:06:25]} {[%emt 00:01:26]}
16. Qe4 {[%clk 00:10:21]} {[%emt 00:00:05]} f5 {[%clk 00:06:14]} {[%emt
00:00:15]} 17. gxf6 {[%clk 00:10:24]} {[%emt 00:00:03]} Nxf6 {[%clk 00:06:17]}
18. Qxb7 {[%clk 00:10:26]} {[%emt 00:00:05]} Qxe5 {[%emt 00:00:03]} 19. Rhg1
{[%clk 00:10:25]} {[%emt 00:00:05]} Nd5 {[%clk 00:05:34]} {[%emt 00:00:51]} 20.
Bf5 {[%clk 00:10:20]} {[%emt 00:00:09]} Rae8 {[%clk 00:02:33]} {[%emt
00:03:06]} 21. Rde1 {[%clk 00:10:22]} {[%emt 00:00:03]} Qf4+ {[%clk 00:01:29]}
{[%emt 00:01:09]} 22. Kb1 {[%clk 00:10:27]} Rf7 {[%clk 00:01:25]} {[%emt
00:00:10]} 23. Bxe6 {[%clk 00:09:41]} {[%emt 00:00:50]} 1-0

[Event "World Youth & Cadets Rapid Championships"]
[Site "Rhodes, Greece"]
[Date "2022.05.02"]
[Round "6.10"]
[White "Gurel, Ediz"]
[Black "Podolskyi, Mykhailo"]
[Result "1-0"]
[TimeControl "10'/game & 5\"/move"]
[WhiteElo "1779"]
[BlackElo "1948"]

1. e4 {[%clk 00:10:04]} {[%emt 00:00:05]} c5 {[%clk 00:10:03]} {[%emt
00:00:07]} 2. Nf3 {[%clk 00:10:08]} {[%emt 00:00:02]} e6 {[%clk 00:09:59]}
{[%emt 00:00:09]} 3. d4 {[%clk 00:10:12]} {[%emt 00:00:01]} cxd4 {[%clk
00:10:02]} {[%emt 00:00:02]} 4. Nxd4 {[%clk 00:10:16]} a6 {[%clk 00:09:55]}
{[%emt 00:00:12]} 5. c4 {[%clk 00:10:16]} {[%emt 00:00:05]} Nf6 {[%clk
00:09:52]} {[%emt 00:00:08]} 6. Nc3 {[%clk 00:10:19]} {[%emt 00:00:02]} Qc7
{[%clk 00:09:29]} {[%emt 00:00:27]} 7. Be2 {[%clk 00:09:19]} {[%emt 00:01:06]}
b6 {[%clk 00:09:11]} {[%emt 00:00:23]} 8. Be3 {[%clk 00:08:34]} {[%emt
00:00:50]} Bb7 {[%clk 00:09:02]} {[%emt 00:00:15]} 9. f3 {[%clk 00:08:37]}
{[%emt 00:00:01]} Be7 {[%clk 00:08:12]} {[%emt 00:00:55]} 10. Qd2 {[%clk
00:08:00]} {[%emt 00:00:43]} d6 {[%clk 00:07:19]} {[%emt 00:00:58]} 11. O-O
{[%clk 00:07:58]} {[%emt 00:00:07]} Nbd7 {[%clk 00:07:12]} {[%emt 00:00:12]} 12.
Rac1 {[%clk 00:07:57]} {[%emt 00:00:06]} O-O {[%clk 00:07:09]} {[%emt
00:00:07]} 13. Rfd1 {[%clk 00:07:35]} {[%emt 00:00:27]} Rfd8 {[%clk 00:06:28]}
{[%emt 00:00:46]} 14. Qe1 {[%clk 00:06:55]} {[%emt 00:00:44]} Rac8 {[%clk
00:06:11]} {[%emt 00:00:23]} 15. Qf2 {[%clk 00:06:43]} {[%emt 00:00:17]} Ba8
{[%clk 00:05:51]} {[%emt 00:00:25]} 16. b3 {[%clk 00:06:01]} {[%emt 00:00:47]}
Qb8 {[%clk 00:05:47]} {[%emt 00:00:09]} 17. g4 {[%clk 00:04:24]} {[%emt
00:01:42]} Ne5 {[%clk 00:03:52]} {[%emt 00:02:01]} 18. g5 {[%clk 00:04:19]}
{[%emt 00:00:09]} Nfd7 {[%clk 00:03:40]} {[%emt 00:00:17]} 19. f4 {[%clk
00:03:56]} {[%emt 00:00:28]} Nc6 {[%clk 00:03:36]} {[%emt 00:00:09]} 20. Nc2
{[%clk 00:02:57]} {[%emt 00:01:04]} Nc5 {[%clk 00:02:12]} {[%emt 00:01:29]} 21.
b4 {[%clk 00:02:46]} {[%emt 00:00:17]} Nd7 {[%clk 00:02:16]} {[%emt 00:00:01]}
22. a3 {[%clk 00:02:46]} {[%emt 00:00:05]} Bf8 {[%clk 00:01:51]} {[%emt
00:00:30]} 23. h4 {[%clk 00:02:13]} {[%emt 00:00:37]} Qb7 {[%clk 00:01:24]}
{[%emt 00:00:32]} 24. h5 {[%clk 00:02:06]} {[%emt 00:00:13]} Re8 {[%clk
00:01:13]} {[%emt 00:00:15]} 25. Kh2 {[%clk 00:01:28]} {[%emt 00:00:43]} Qb8
{[%clk 00:01:14]} {[%emt 00:00:05]} 26. Ne1 {[%clk 00:01:06]} {[%emt 00:00:27]}
e5 {[%clk 00:00:40]} {[%emt 00:00:39]} 27. f5 {[%clk 00:01:03]} {[%emt
00:00:08]} Nd4 {[%clk 00:00:43]} {[%emt 00:00:02]} 28. Bd3 {[%clk 00:00:51]}
{[%emt 00:00:17]} b5 {[%clk 00:00:33]} {[%emt 00:00:15]} 29. cxb5 {[%clk
00:00:55]} {[%emt 00:00:01]} axb5 {[%clk 00:00:37]} 30. Kg1 {[%clk 00:00:37]}
{[%emt 00:00:22]} Nb6 {[%clk 00:00:10]} {[%emt 00:00:33]} 31. Nxb5 {[%clk
00:00:24]} {[%emt 00:00:18]} d5 {[%clk 00:00:13]} {[%emt 00:00:01]} 32. Rxc8
{[%clk 00:00:19]} {[%emt 00:00:10]} Rxc8 {[%clk 00:00:10]} {[%emt 00:00:09]} 33.
Nxd4 {[%clk 00:00:09]} {[%emt 00:00:15]} exd4 {[%clk 00:00:10]} {[%emt
00:00:04]} 34. Bf4 {[%clk 00:00:09]} {[%emt 00:00:05]} Bd6 {[%clk 00:00:09]}
{[%emt 00:00:06]} 35. Bxd6 {[%clk 00:00:08]} {[%emt 00:00:06]} Qxd6 {[%clk
00:00:13]} {[%emt 00:00:01]} 36. Qxd4 {[%clk 00:00:08]} {[%emt 00:00:05]} Qg3+
{[%clk 00:00:15]} {[%emt 00:00:03]} 37. Ng2 {[%clk 00:00:12]} {[%emt 00:00:01]}
Na4 {[%clk 00:00:06]} {[%emt 00:00:14]} 38. e5 {[%clk 00:00:08]} {[%emt
00:00:09]} Nc3 {[%clk 00:00:08]} {[%emt 00:00:03]} 39. Rf1 {[%clk 00:00:12]}
{[%emt 00:00:01]} Ne4 {[%clk 00:00:09]} {[%emt 00:00:04]} 40. g6 {[%clk
00:00:08]} {[%emt 00:00:10]} hxg6 {[%clk 00:00:11]} {[%emt 00:00:02]} 41. fxg6
{[%clk 00:00:10]} {[%emt 00:00:03]} fxg6 {[%clk 00:00:13]} {[%emt 00:00:03]} 42.
hxg6 {[%clk 00:00:08]} {[%emt 00:00:08]} Qxg6 {[%clk 00:00:16]} {[%emt
00:00:01]} 43. Qe3 {[%clk 00:00:06]} {[%emt 00:00:07]} Re8 {[%clk 00:00:08]}
{[%emt 00:00:13]} 44. Qf4 {[%clk 00:00:08]} {[%emt 00:00:04]} Qe6 {[%clk
00:00:07]} {[%emt 00:00:06]} 45. Bxe4 {[%clk 00:00:08]} {[%emt 00:00:04]} dxe4
{[%clk 00:00:11]} {[%emt 00:00:01]} 46. Ne3 {[%clk 00:00:07]} {[%emt 00:00:06]}
Qxe5 {[%clk 00:00:12]} {[%emt 00:00:04]} 47. Qf7+ {[%clk 00:00:10]} {[%emt
00:00:03]} Kh7 {[%clk 00:00:10]} {[%emt 00:00:06]} 48. Rf5 {[%clk 00:00:09]}
{[%emt 00:00:06]} Qa1+ {[%clk 00:00:08]} {[%emt 00:00:08]} 49. Kg2 {[%clk
00:00:09]} {[%emt 00:00:05]} Qb2+ {[%clk 00:00:11]} {[%emt 00:00:02]} 50. Kg3
{[%clk 00:00:12]} {[%emt 00:00:01]} Re5 {[%emt 00:00:04]} 51. Qh5+ {[%clk
00:00:15]} Kg8 {[%clk 00:00:18]} {[%emt 00:00:02]} 52. Rxe5 {[%clk 00:00:19]}
Bc6 {[%clk 00:00:21]} {[%emt 00:00:02]} 53. Rc5 {[%clk 00:00:14]} {[%emt
00:00:10]} Qd2 {[%clk 00:00:22]} {[%emt 00:00:05]} 54. Qg5 {[%clk 00:00:13]}
{[%emt 00:00:05]} Qe1+ {[%clk 00:00:25]} {[%emt 00:00:02]} 55. Kf4 {[%clk
00:00:15]} {[%emt 00:00:03]} Qf2+ {[%clk 00:00:27]} {[%emt 00:00:03]} 56. Ke5
{[%clk 00:00:19]} {[%emt 00:00:02]} Qh2+ {[%clk 00:00:31]} 57. Qf4 {[%clk
00:00:21]} {[%emt 00:00:02]} Qh5+ {[%clk 00:00:30]} {[%emt 00:00:07]} 58. Kd6
{[%clk 00:00:21]} {[%emt 00:00:05]} Qg6+ {[%clk 00:00:32]} {[%emt 00:00:03]} 59.
Kc7 {[%clk 00:00:25]} {[%emt 00:00:01]} Be8 {[%clk 00:00:33]} {[%emt 00:00:03]}
60. Nd5 {[%clk 00:00:24]} {[%emt 00:00:06]} Qe6 {[%clk 00:00:33]} {[%emt
00:00:05]} 61. Qd6 {[%clk 00:00:22]} {[%emt 00:00:06]} Qh3 {[%clk 00:00:14]}
{[%emt 00:00:26]} 62. Ne7+ {[%clk 00:00:17]} {[%emt 00:00:10]} Kh7 {[%clk
00:00:09]} {[%emt 00:00:10]} 63. Rc2 {[%clk 00:00:16]} {[%emt 00:00:06]} Bh5
{[%clk 00:00:08]} {[%emt 00:00:05]} 64. Rh2 {[%clk 00:00:16]} {[%emt 00:00:04]}
Qg4 {[%clk 00:00:13]} 65. Qe5 {[%clk 00:00:11]} {[%emt 00:00:11]} Kh6 {[%clk
00:00:16]} {[%emt 00:00:02]} 66. Nf5+ {[%clk 00:00:13]} {[%emt 00:00:02]} Kh7
{[%clk 00:00:18]} {[%emt 00:00:03]} 67. Rxh5 {[%clk 00:00:16]} {[%emt
00:00:02]} 1-0